[Event "X Weekend A"]
[Site "Ceriano Laghetto ITA"]
[Date "2001.02.04"]
[Round "5"]
[White "Tramalloni, Luca"]
[Black "Candura, Stefano"]
[Result "0-1"]
[WhiteElo "2064"]
[BlackElo "2093"]
[PlyCount "86"]
[EventDate "2001.01.27"]

1. d4 e6 2. c4 d5 3. Nc3 Nf6 4. cxd5 exd5 5. Bg5 Be7 6. e3 O-O 7. Bd3 Nbd7 8.
Nge2 Re8 9. O-O Nf8 10. f3 Ne6 11. Bh4 c5 12. Bb5 Rf8 13. Bd3 cxd4 14. exd4 Qa5
15. Bf2 Bd7 16. Qd2 Rac8 17. g4 b5 18. a3 Bc6 19. Ng3 Bd6 20. Be3 Qc7 21. Nf5
a6 22. Nxd6 Qxd6 23. Bf5 Rfe8 24. Rfe1 Nd7 25. Rac1 Nb6 26. Bxe6 Rxe6 27. Bf4
Qe7 28. Rxe6 Qxe6 29. Re1 Qf6 30. b3 Bd7 31. Re3 Be6 32. Bd6 Qg6 33. Bc5 Nd7
34. b4 Qg5 35. Qe2 Re8 36. h4 Qxh4 37. Nxd5 Rd8 38. Kg2 Bxd5 39. Re8+ Nf8 40.
Bxf8 Qxg4+ 41. Kf2 Qxd4+ 42. Ke1 Qc3+ 43. Kf2 Rxe8 0-1

[Event "X Weekend A"]
[Site "Ceriano Laghetto ITA"]
[Date "2001.02.04"]
[Round "5"]
[White "Zacco, Remo"]
[Black "Qendro, Llambi"]
[Result "0-1"]
[WhiteElo "1806"]
[BlackElo "2347"]
[PlyCount "82"]
[EventDate "2001.01.27"]

1. e4 g6 2. d4 Bg7 3. Nf3 c6 4. Nc3 d6 5. h3 Nf6 6. Bd3 O-O 7. Be3 Nbd7 8. Qd2
e5 9. O-O Qc7 10. dxe5 dxe5 11. Bh6 Nc5 12. Bxg7 Kxg7 13. Qe3 Ne6 14. Ne2 Nh5
15. Nh2 Nef4 16. Ng3 Be6 17. Be2 Nxg3 18. fxg3 Qb6 19. Qxb6 Nxe2+ 20. Kf2 axb6
21. Kxe2 Bc4+ 22. Ke3 Bxf1 23. Nxf1 b5 24. c3 Rfd8 25. Nd2 Rd6 26. Nf3 f6 27.
a3 Rad8 28. Re1 Rd1 29. Re2 R8d3+ 30. Kf2 Kf7 31. g4 g5 32. Rc2 c5 33. Ke2 c4
34. Ne1 Rd7 35. Nf3 Kg6 36. Nd2 Rg1 37. Kf2 Rc1 38. Rxc1 Rxd2+ 39. Kf3 Rxb2 40.
a4 bxa4 41. Ra1 b5 0-1

[Event "X Weekend A"]
[Site "Ceriano Laghetto ITA"]
[Date "2001.02.04"]
[Round "6"]
[White "Barberi, Alessandro"]
[Black "Rossi, Giampiero"]
[Result "1-0"]
[WhiteElo "2098"]
[BlackElo "2174"]
[PlyCount "77"]
[EventDate "2001.01.27"]

1. d4 d5 2. Nf3 c6 3. e3 Bf5 4. c4 e6 5. Nc3 Nf6 6. Nh4 Bg6 7. Nxg6 hxg6 8. Bd3
Nbd7 9. Qc2 Bd6 10. e4 dxe4 11. Nxe4 Nxe4 12. Bxe4 Nf6 13. Bf3 Bb4+ 14. Bd2 Qa5
15. Bc3 O-O-O 16. O-O-O Bxc3 17. bxc3 Rd7 18. Rd2 Rhd8 19. Rhd1 Qa3+ 20. Kb1
Kc7 21. Ka1 b6 22. h4 c5 23. Rd3 Qa5 24. Qe2 cxd4 25. cxd4 Qf5 26. g4 Qf4 27.
g5 Rxd4 28. Rxd4 Rxd4 29. gxf6 Rxd1+ 30. Qxd1 Qxf6+ 31. Kb1 Qxh4 32. Qa4 Qxf2
33. Qc6+ Kd8 34. Qd6+ Kc8 35. Bc6 Qf1+ 36. Kb2 Qe2+ 37. Kb3 Qe3+ 38. Ka4 b5+
39. Bxb5 1-0

[Event "X Weekend A"]
[Site "Ceriano Laghetto ITA"]
[Date "2001.02.04"]
[Round "6"]
[White "Barlocco, Carlo"]
[Black "Lapiccirella, Mattia"]
[Result "0-1"]
[WhiteElo "2159"]
[BlackElo "2150"]
[PlyCount "104"]
[EventDate "2001.01.27"]

1. d4 Nf6 2. c4 g6 3. Nc3 Bg7 4. e4 d6 5. Nf3 O-O 6. Be2 e5 7. O-O Na6 8. d5
Nc5 9. Nd2 a5 10. Re1 Bh6 11. Bf1 Kg7 12. Nb3 Bxc1 13. Rxc1 Nfd7 14. Nxc5 Nxc5
15. Na4 Nxa4 16. Qxa4 Bd7 17. Qc2 b6 18. Qc3 f6 19. b3 Qe7 20. a3 Ra7 21. b4
axb4 22. axb4 Rfa8 23. Ra1 Rxa1 24. Rxa1 Rxa1 25. Qxa1 f5 26. f3 fxe4 27. fxe4
g5 28. Qa7 Be8 29. g3 Bg6 30. Bg2 h5 31. Kf2 g4 32. Ke2 Kh6 33. Qb8 Kg7 34. Qa7
Kh6 35. Qa2 h4 36. Qd2+ Kh5 37. Kd3 h3 38. Bf1 Qf8 39. Qe2 Qa8 40. Ke3 Qa3+ 41.
Kf2 Qc3 42. Bxh3 Qd4+ 43. Ke1 Qa1+ 44. Kf2 Qd4+ 45. Kf1 Qxe4 46. Bg2 Qb1+ 47.
Kf2 Bd3 48. Qd2 Bxc4 49. h4 gxh3 50. Bxh3 Qa2 51. Qxa2 Bxa2 52. Be6 c6 0-1

[Event "X Weekend A"]
[Site "Ceriano Laghetto ITA"]
[Date "2001.02.04"]
[Round "6"]
[White "Candura, Stefano"]
[Black "Chilingirova, Pavlina"]
[Result "0-1"]
[WhiteElo "2093"]
[BlackElo "2236"]
[PlyCount "90"]
[EventDate "2001.01.27"]

1. d4 d6 2. Nf3 g6 3. c4 Bg7 4. Nc3 e5 5. dxe5 dxe5 6. Qxd8+ Kxd8 7. e4 f6 8.
Be3 Nd7 9. Be2 c6 10. O-O Bh6 11. Bxh6 Nxh6 12. Rfd1 Kc7 13. b4 Nf7 14. c5 Nf8
15. Nd2 Be6 16. Nc4 Rd8 17. Rxd8 Nxd8 18. Rd1 Nd7 19. a4 Bxc4 20. Bxc4 a5 21.
bxa5 Nxc5 22. Rc1 Rf8 23. Ba2 Nde6 24. Nb5+ Kd7 25. Bxe6+ Nxe6 26. Na3 Nd4 27.
Rc4 Nb3 28. a6 bxa6 29. Rb4 Na5 30. Kf1 Kc7 31. Ke2 Rd8 32. Nc2 c5 33. Rb1 Nc4
34. Rc1 Kb6 35. Ne1 Rd2+ 36. Kf3 Nd6 37. Ke3 Rd4 38. f3 Rxa4 39. Nd3 c4 40.
Rb1+ Ka5 41. Nc5 Ra3+ 42. Kf2 Nb5 43. Nd7 Ra2+ 44. Ke3 Nd4 45. f4 Re2# 0-1

[Event "X Weekend A"]
[Site "Ceriano Laghetto ITA"]
[Date "2001.02.04"]
[Round "6"]
[White "Lapiccirella, Daniele"]
[Black "Bianchi, Alberto"]
[Result "1-0"]
[WhiteElo "2072"]
[BlackElo "2046"]
[PlyCount "75"]
[EventDate "2001.01.27"]

1. d4 Nf6 2. c4 g6 3. Nc3 Bg7 4. e4 O-O 5. f3 d6 6. Be3 e5 7. d5 Nbd7 8. Bd3 a6
9. Nge2 Rb8 10. O-O Nc5 11. Bc2 b6 12. b4 Nb7 13. Bd3 Nh5 14. Na4 Nf4 15. c5
Qg5 16. Bxf4 exf4 17. Rc1 b5 18. c6 Nd8 19. Nac3 f5 20. a4 fxe4 21. Bxe4 Nf7
22. axb5 Ne5 23. bxa6 Bxa6 24. b5 Bxb5 25. Nxb5 Rxb5 26. Nd4 Rb2 27. Rc2 Rfb8
28. Qe2 Nxc6 29. Nxc6 Rxc2 30. Bxc2 Rb2 31. Rb1 Rxb1+ 32. Bxb1 Bf6 33. Qe4 Be5
34. Nxe5 dxe5 35. Qc4 Qd8 36. d6+ Kh8 37. Qxc7 Qxc7 38. dxc7 1-0

[Event "X Weekend A"]
[Site "Ceriano Laghetto ITA"]
[Date "2001.02.04"]
[Round "6"]
[White "Provera, Emanuele"]
[Black "Rosin, Federico"]
[Result "0-1"]
[WhiteElo "2218"]
[BlackElo "2163"]
[PlyCount "26"]
[EventDate "2001.01.27"]

1. d4 d5 2. c4 Nc6 3. Nc3 dxc4 4. Nf3 Nf6 5. d5 Na5 6. e4 c6 7. Ne5 e6 8. Bg5
Qb6 9. d6 Qxb2 10. Rc1 Bd7 11. Be2 Nxe4 12. Nxd7 Nxc3 13. Ne5 Bxd6 0-1

[Event "X Weekend A"]
[Site "Ceriano Laghetto ITA"]
[Date "2001.02.04"]
[Round "6"]
[White "Qendro, Llambi"]
[Black "Bisignano, Giuseppe"]
[Result "1/2-1/2"]
[WhiteElo "2347"]
[BlackElo "1827"]
[PlyCount "25"]
[EventDate "2001.01.27"]

1. d4 Nf6 2. c4 e6 3. Nc3 d5 4. Bg5 Nbd7 5. e3 h6 6. Bh4 Be7 7. Nf3 O-O 8. Rc1
a6 9. Bd3 c6 10. cxd5 exd5 11. O-O Re8 12. Bb1 Ne4 13. Bg3 1/2-1/2

[Event "X Weekend A"]
[Site "Ceriano Laghetto ITA"]
[Date "2001.02.04"]
[Round "6"]
[White "Troiani, Mauro"]
[Black "Tramalloni, Luca"]
[Result "1/2-1/2"]
[WhiteElo "2030"]
[BlackElo "2064"]
[PlyCount "133"]
[EventDate "2001.01.27"]

1. d4 Nf6 2. c4 e6 3. Nc3 Bb4 4. e3 O-O 5. Bd3 d5 6. cxd5 exd5 7. Nge2 c6 8.
O-O Nbd7 9. Qc2 Re8 10. Ng3 Nf8 11. f3 Ne6 12. Qf2 c5 13. Kh1 Bd7 14. Nf5 g6
15. Nd6 Re7 16. Qh4 Bc6 17. Qxf6 Qxd6 18. Ne2 c4 19. Bc2 Nf8 20. Qxd6 Bxd6 21.
Nc3 Ne6 22. a4 f5 23. f4 Nc7 24. Bd2 a6 25. b3 b5 26. axb5 Nxb5 27. bxc4 Nxc3
28. Bxc3 Rxe3 29. Ba5 dxc4 30. d5 Bb5 31. Bb6 Re2 32. Ba4 Rb8 33. Ba5 Bxa4 34.
Rxa4 Rbb2 35. Bc3 Rbc2 36. Rxc4 Rxg2 37. Rb1 Rxh2+ 38. Kg1 Rcg2+ 39. Kf1 Rh1+
40. Kxg2 Rxb1 41. Be5 Bxe5 42. fxe5 Re1 43. d6 Rd1 44. Rc8+ Kf7 45. Rc7+ Ke8
46. Ra7 Rd5 47. Ra8+ Kd7 48. Ra7+ Kc8 49. Ra8+ Kb7 50. Re8 a5 51. Re7+ Kc8 52.
Re8+ Kd7 53. Re7+ Kd8 54. Kf3 g5 55. Rxh7 Rxe5 56. Rg7 f4 57. Kg4 Rd5 58. Ra7
a4 59. Rxa4 Kd7 60. Ra6 Rxd6 61. Ra7+ Ke6 62. Kxg5 Rd4 63. Kg4 Ke5 64. Re7+ Kf6
65. Re8 Rc4 66. Rf8+ Ke5 67. Re8+ 1/2-1/2

[Event "X Weekend A"]
[Site "Ceriano Laghetto ITA"]
[Date "2001.02.04"]
[Round "6"]
[White "Zacco, Remo"]
[Black "Cazzaniga, Walter"]
[Result "0-1"]
[WhiteElo "1806"]
[BlackElo "2174"]
[PlyCount "102"]
[EventDate "2001.01.27"]

1. e4 c5 2. Nf3 d6 3. Bb5+ Bd7 4. Bxd7+ Qxd7 5. c4 Nc6 6. d4 cxd4 7. Nxd4 Nf6
8. Nc3 g6 9. f3 Bg7 10. Be3 O-O 11. O-O Rac8 12. b3 Rfd8 13. Nce2 e6 14. Qe1 d5
15. Nxc6 bxc6 16. Rd1 Qc7 17. cxd5 cxd5 18. exd5 exd5 19. Rc1 Qe7 20. Nd4 Qd7
21. Qd2 Rxc1 22. Rxc1 Re8 23. Bf2 h5 24. Rc3 Qb7 25. Qc1 Re7 26. h3 Kh7 27. Rc2
Rd7 28. Be3 Ne8 29. Qd2 Nd6 30. Qd3 Bxd4 31. Bxd4 h4 32. Qd2 Nf5 33. Qf4 Qb4
34. Rd2 Re7 35. Be5 Qb6+ 36. Kh2 Qe6 37. Bc3 f6 38. Rc2 g5 39. Qb8 d4 40. Bb4
Qe5+ 41. Qxe5 Rxe5 42. Rc7+ Kg6 43. Rd7 a5 44. f4 gxf4 45. Bd2 f3 46. Kg1 Re2
47. gxf3 Rxd2 48. a4 Kg5 49. Rd5 Kf4 50. Rxa5 Ne3 51. Ra6 Kg3 0-1

[Event "VII Festival A"]
[Site "Verona ITA"]
[Date "2001.01.02"]
[Round "1"]
[White "Ausmins, Elmar"]
[Black "Cristiani, Cesare"]
[Result "1-0"]
[WhiteElo "2335"]
[BlackElo "2107"]
[PlyCount "73"]
[EventDate "2001.01.02"]

1. d4 Nf6 2. Nf3 e6 3. c4 c5 4. d5 exd5 5. cxd5 d6 6. Nc3 g6 7. Bg5 Bg7 8. e4
O-O 9. Nd2 a6 10. a4 Re8 11. Be2 Qc7 12. O-O Nbd7 13. f4 b6 14. Qe1 h6 15. Bh4
Bb7 16. Kh1 c4 17. Bxc4 Nxe4 18. Ncxe4 f5 19. Rc1 fxe4 20. Bb5 Qxc1 21. Qxc1
axb5 22. Qc7 Nc5 23. b4 e3 24. Nf3 bxa4 25. bxc5 bxc5 26. Qxb7 a3 27. Qb1 a2
28. Qxg6 a1=Q 29. Rxa1 Rxa1+ 30. Ne1 Rf8 31. Qxd6 Bf6 32. Bg3 c4 33. Qe6+ Kg7
34. h4 c3 35. Kh2 Rf7 36. Nc2 Ra2 37. Nxe3 1-0

[Event "VII Festival A"]
[Site "Verona ITA"]
[Date "2001.01.02"]
[Round "1"]
[White "Delchev, Aleksander"]
[Black "Schmitz, Andreas Arnold"]
[Result "1-0"]
[WhiteElo "2592"]
[BlackElo "2161"]
[PlyCount "43"]
[EventDate "2001.01.02"]

1. c4 c6 2. Nf3 d5 3. d4 Nf6 4. Nc3 dxc4 5. a4 c5 6. d5 Bf5 7. Nh4 Qd7 8. f3
Na6 9. e4 Bg6 10. Bxc4 Nc7 11. e5 Ng8 12. Be3 b6 13. e6 Qd6 14. Nxg6 hxg6 15.
Ne4 Qe5 16. exf7+ Kxf7 17. d6+ e6 18. dxc7 Nf6 19. Qd8 Nxe4 20. fxe4 Be7 21.
Rf1+ Bf6 22. Qd7+ 1-0

[Event "VII Festival A"]
[Site "Verona ITA"]
[Date "2001.01.02"]
[Round "1"]
[White "Falbo, Sandro"]
[Black "Luciani, Carlo"]
[Result "1-0"]
[WhiteElo "2166"]
[BlackElo "2225"]
[PlyCount "61"]
[EventDate "2001.01.02"]

1. d4 c5 2. d5 f5 3. Nc3 Nf6 4. e4 fxe4 5. f3 e3 6. Bxe3 d6 7. Qd2 e5 8. Bb5+
Nbd7 9. Nh3 a6 10. Bd3 Nb6 11. Ng5 Be7 12. h4 O-O 13. O-O-O Kh8 14. Kb1 Bd7 15.
g4 Rc8 16. Rdg1 Qc7 17. Bf5 Nc4 18. Qd3 Nxe3 19. Qxe3 b5 20. Be6 Rb8 21. Nce4
Be8 22. h5 c4 23. Nxf6 Bxf6 24. Nxh7 Kxh7 25. g5 Qb6 26. g6+ Kh8 27. h6 Bh4 28.
Qxb6 Rxb6 29. Rxh4 Rb8 30. hxg7+ Kxg7 31. Rh7+ 1-0

[Event "VII Festival A"]
[Site "Verona ITA"]
[Date "2001.01.02"]
[Round "1"]
[White "Ortega, Lexy"]
[Black "Piscopo, Pierluigi"]
[Result "1-0"]
[WhiteElo "2472"]
[BlackElo "2212"]
[PlyCount "57"]
[EventDate "2001.01.02"]

1. d4 Nf6 2. c4 g6 3. Nc3 Bg7 4. e4 d6 5. Bd3 O-O 6. Nge2 c5 7. d5 e6 8. O-O
exd5 9. cxd5 Re8 10. h3 a6 11. Bg5 b5 12. f4 c4 13. Bc2 b4 14. Na4 Qc7 15. Ng3
h6 16. Bxf6 Bxf6 17. e5 Bh4 18. e6 b3 19. axb3 cxb3 20. Bxg6 fxg6 21. Qg4 Bxg3
22. Qxg6+ Kf8 23. Qf6+ Kg8 24. Rf3 Qg7 25. Rxg3 Qxg3 26. Qf7+ Kh8 27. Qxe8+ Qg8
28. Qxg8+ Kxg8 29. Nb6 1-0

[Event "VII Festival A"]
[Site "Verona ITA"]
[Date "2001.01.02"]
[Round "1"]
[White "Popa, Claudiu"]
[Black "Godena, Michele"]
[Result "0-1"]
[WhiteElo "2101"]
[BlackElo "2494"]
[PlyCount "76"]
[EventDate "2001.01.02"]

1. e4 e5 2. Nc3 Nf6 3. f4 d5 4. fxe5 Nxe4 5. Nf3 Bc5 6. d4 Bb4 7. Bd2 Nc6 8.
Bb5 Bd7 9. O-O Bxc3 10. Bxc3 O-O 11. Bd3 f6 12. Qe1 Nxc3 13. Qxc3 fxe5 14. Nxe5
Nxe5 15. Rxf8+ Qxf8 16. dxe5 c6 17. Rf1 Qe7 18. Qd4 Be6 19. Qe3 b6 20. c3 Re8
21. Qf4 Rd8 22. a3 c5 23. Rf3 c4 24. Bb1 d4 25. cxd4 Qd7 26. Rf2 Qxd4 27. Qg5
Rf8 28. Qd2 Qc5 29. Qe1 g6 30. Kf1 Rxf2+ 31. Qxf2 Qxe5 32. Qh4 Qxb2 33. Qd8+
Kg7 34. Qe7+ Bf7 35. Be4 Qf6+ 36. Qxf6+ Kxf6 37. Kf2 Ke5 38. Ke3 Bd5 0-1

[Event "VII Festival A"]
[Site "Verona ITA"]
[Date "2001.01.03"]
[Round "2"]
[White "Barlocco, Carlo"]
[Black "Lotti, Fabio"]
[Result "1-0"]
[WhiteElo "2159"]
[BlackElo "2072"]
[PlyCount "75"]
[EventDate "2001.01.02"]

1. e4 d5 2. exd5 Qxd5 3. Nc3 Qa5 4. d4 c6 5. Bc4 Bf5 6. Bd2 Nf6 7. Qe2 e6 8.
O-O-O Bb4 9. a3 Bxc3 10. Bxc3 Qc7 11. Nf3 Nbd7 12. h3 b5 13. Bb3 Be4 14. Ne5
Bd5 15. Kb1 a5 16. Rhe1 Nb6 17. f4 Ne4 18. Rd3 b4 19. axb4 Nxc3+ 20. Rxc3 axb4
21. Bxd5 Nxd5 22. Rxc6 Qa7 23. Kc1 O-O 24. Qc4 Qa1+ 25. Kd2 Qxb2 26. f5 Rad8
27. fxe6 fxe6 28. Rxe6 Rf2+ 29. Re2 Rxe2+ 30. Kxe2 Kf8 31. Qc5+ Kg8 32. Re8+
Rxe8 33. Qxd5+ Kh8 34. Qc6 Rxe5+ 35. dxe5 Qxe5+ 36. Kd3 h6 37. Qa8+ Kh7 38.
Qe4+ 1-0

[Event "VII Festival A"]
[Site "Verona ITA"]
[Date "2001.01.03"]
[Round "2"]
[White "Bozzali, Ermanno"]
[Black "Ambrosi, Eleonora"]
[Result "0-1"]
[WhiteElo "2085"]
[BlackElo "1770"]
[PlyCount "70"]
[EventDate "2001.01.02"]

1. d4 e6 2. e4 d5 3. Nc3 c6 4. Nf3 Nf6 5. e5 Nfd7 6. Be2 c5 7. dxc5 Nc6 8. Bf4
Bxc5 9. O-O a6 10. Re1 Qb6 11. Bg3 Qxb2 12. Na4 Qb4 13. Nxc5 Qxc5 14. Qd2 Nb6
15. Rab1 Nc4 16. Qg5 O-O 17. Bd3 h6 18. Qh5 Nb4 19. Bh4 Nxd3 20. cxd3 Na3 21.
Rec1 Qa5 22. Rb3 Nb5 23. Qg4 Kh7 24. d4 Bd7 25. Ng5+ Kh8 26. Rh3 Rac8 27. Rf1
Qd2 28. Nf3 Qd3 29. Be7 Rg8 30. Rxh6+ gxh6 31. Bf6+ Kh7 32. Ng5+ Rxg5 33. Bxg5
hxg5 34. Qh5+ Kg7 35. Qxg5+ Qg6 0-1

[Event "VII Festival A"]
[Site "Verona ITA"]
[Date "2001.01.03"]
[Round "2"]
[White "Godena, Michele"]
[Black "Scalcione, Michelangelo"]
[Result "1-0"]
[WhiteElo "2494"]
[BlackElo "2177"]
[PlyCount "117"]
[EventDate "2001.01.02"]

1. e4 e5 2. Nf3 d6 3. Bc4 Be7 4. O-O Nf6 5. Re1 O-O 6. c3 Nc6 7. Bb3 Bg4 8. h3
Bxf3 9. Qxf3 Nd7 10. d3 Bg5 11. Nd2 Nc5 12. Bc2 a5 13. Qd1 Ne6 14. Nf3 Bxc1 15.
Rxc1 Qf6 16. Bb3 Nf4 17. Kh2 Qh6 18. h4 a4 19. Bc2 Qe6 20. Re3 Qxa2 21. g3 Ng6
22. Rb1 b5 23. d4 Na5 24. h5 Ne7 25. Bd3 Qe6 26. Bxb5 Nb3 27. dxe5 dxe5 28. Qd7
c6 29. Qxe6 fxe6 30. Bc4 Rxf3 31. Rxf3 Nd2 32. Bxe6+ Kh8 33. Rf7 Nxb1 34. Rxe7
a3 35. bxa3 Nxc3 36. Bf5 Rf8 37. Rxe5 g6 38. hxg6 hxg6 39. Bxg6 Rxf2+ 40. Kh3
Kg7 41. Bf5 Ne2 42. Kg4 Nd4 43. Rc5 Kf6 44. e5+ Ke7 45. Be4 Re2 46. Bxc6 Re3
47. Bb7 Rxa3 48. Rc4 Ne6 49. Bd5 Nd8 50. Kf4 Ra5 51. Rd4 Ra3 52. g4 Ra1 53. Kf5
Rf1+ 54. Rf4 Rd1 55. Bc4 Nc6 56. g5 Rc1 57. Re4 Rg1 58. Bd5 Rf1+ 59. Rf4 1-0

[Event "VII Festival A"]
[Site "Verona ITA"]
[Date "2001.01.03"]
[Round "2"]
[White "Patelli, Alessandro"]
[Black "Ortega, Lexy"]
[Result "0-1"]
[WhiteElo "2220"]
[BlackElo "2472"]
[PlyCount "44"]
[EventDate "2001.01.02"]

1. d4 d5 2. Nf3 c6 3. c4 dxc4 4. e3 b5 5. a4 e6 6. b3 Bb4+ 7. Bd2 Bxd2+ 8.
Nfxd2 cxb3 9. axb5 b2 10. Ra3 Ne7 11. Qb3 Bb7 12. Qxb2 O-O 13. e4 Nd7 14. Bd3
cxb5 15. Bxb5 Rb8 16. Rb3 Nb6 17. Na3 f5 18. O-O fxe4 19. Re1 Nf5 20. Nc2 Bd5
21. Nxe4 Bxb3 22. Qxb3 Nxd4 0-1

[Event "VII Festival A"]
[Site "Verona ITA"]
[Date "2001.01.03"]
[Round "3"]
[White "Borgo, Giulio"]
[Black "Georgiev, Vladimir"]
[Result "1-0"]
[WhiteElo "2408"]
[BlackElo "2590"]
[PlyCount "87"]
[EventDate "2001.01.02"]

1. e4 c5 2. Nf3 a6 3. c4 e6 4. Nc3 Nc6 5. Be2 g5 6. d3 g4 7. Nd2 h5 8. Nb3 d6
9. d4 cxd4 10. Nxd4 Nge7 11. Be3 Bg7 12. Nb3 f5 13. Qd2 fxe4 14. O-O-O Nf5 15.
Nxe4 d5 16. Bg5 Qc7 17. cxd5 Nb4+ 18. Kb1 Nxd5 19. h3 Qe5 20. Nec5 g3 21. Rhe1
Qd6 22. Qxd5 Qxd5 23. Rxd5 O-O 24. Rd8 gxf2 25. Rf1 a5 26. a4 b6 27. Rxf8+ Bxf8
28. Ne4 Bb7 29. Nf6+ Kh8 30. Rxf2 Be7 31. Bf3 Bxf3 32. Rxf3 Rd8 33. g4 Rd1+ 34.
Ka2 Nd6 35. Ne4 hxg4 36. hxg4 Kg7 37. Bxe7 Nxe4 38. Re3 Kf7 39. Rxe4 Kxe7 40.
Nd4 Kd6 41. Rxe6+ Kd5 42. Re8 Rg1 43. Nf5 Kc4 44. Re4+ 1-0

[Event "VII Festival A"]
[Site "Verona ITA"]
[Date "2001.01.03"]
[Round "3"]
[White "Farina, Saverio"]
[Black "Montanelli, Alessio"]
[Result "1-0"]
[WhiteElo "2148"]
[BlackElo "1900"]
[PlyCount "35"]
[EventDate "2001.01.02"]

1. c4 Nf6 2. Nc3 g6 3. d4 Bg7 4. e4 d6 5. Nge2 O-O 6. Ng3 e5 7. d5 a5 8. Be2
Nbd7 9. h4 h5 10. Bg5 Nc5 11. Bxh5 gxh5 12. Nxh5 Ncd7 13. Qf3 Qe8 14. Nxf6+
Nxf6 15. Bxf6 Bxf6 16. Qxf6 Qd8 17. Qxd8 Rxd8 18. O-O-O 1-0

[Event "VII Festival A"]
[Site "Verona ITA"]
[Date "2001.01.03"]
[Round "3"]
[White "Lotti, Fabio"]
[Black "Bozzali, Ermanno"]
[Result "1-0"]
[WhiteElo "2072"]
[BlackElo "2085"]
[PlyCount "75"]
[EventDate "2001.01.02"]

1. d4 f5 2. Nc3 Nf6 3. Bg5 d5 4. Bxf6 exf6 5. e3 c6 6. Bd3 Qe7 7. Qf3 g6 8.
Nge2 Be6 9. h4 h5 10. Nf4 Bf7 11. g3 Qb4 12. O-O Nd7 13. a3 Qb6 14. b4 a6 15.
Rfb1 Qc7 16. Na4 b5 17. Nc5 Bxc5 18. bxc5 Ke7 19. a4 Rhb8 20. axb5 axb5 21. Qd1
Ra4 22. Rb3 Rba8 23. Rab1 Nf8 24. Qf3 R8a7 25. Bxb5 cxb5 26. Nxd5+ Bxd5 27.
Qxd5 Qd7 28. Qf3 Ra1 29. d5 Rxb1+ 30. Rxb1 Qb7 31. c6 Qb6 32. Rd1 Kf7 33. d6
Ne6 34. Qd5 b4 35. c7 Rxc7 36. dxc7 Qxc7 37. Qd7+ Qxd7 38. Rxd7+ 1-0

[Event "VII Festival A"]
[Site "Verona ITA"]
[Date "2001.01.03"]
[Round "3"]
[White "Piantoni, Roberto"]
[Black "Manca, Federico"]
[Result "0-1"]
[WhiteElo "2174"]
[BlackElo "2366"]
[PlyCount "60"]
[EventDate "2001.01.02"]

1. d4 Nf6 2. Nf3 g6 3. Nbd2 d5 4. e3 Bg7 5. Bd3 Nbd7 6. O-O c5 7. c3 O-O 8. b4
c4 9. Bc2 Qc7 10. a4 e5 11. Ba3 e4 12. Ne1 Re8 13. g3 Nf8 14. Ng2 h5 15. f3
exf3 16. Qxf3 Bg4 17. Qf2 N8h7 18. h4 Bh6 19. Rae1 Re6 20. Nf4 Bxf4 21. exf4
Rxe1 22. Rxe1 Bf5 23. Bxf5 gxf5 24. Qf3 a6 25. Re5 Qd7 26. a5 Qa4 27. Bc1 Qc2
28. Re1 Re8 29. Rd1 Re3 30. Qf1 Rxg3+ 0-1

[Event "VII Festival A"]
[Site "Verona ITA"]
[Date "2001.01.03"]
[Round "3"]
[White "Popa, Florin"]
[Black "Godena, Michele"]
[Result "1-0"]
[WhiteElo "2211"]
[BlackElo "2494"]
[PlyCount "97"]
[EventDate "2001.01.02"]

1. Nf3 d5 2. c4 d4 3. e3 Nc6 4. Qa4 Bd7 5. c5 e5 6. Qa3 Nf6 7. Bc4 Be7 8. b4
dxe3 9. dxe3 e4 10. Nfd2 a5 11. Qb3 Ne5 12. Bb2 Nxc4 13. Qxc4 axb4 14. Qxb4 Bc6
15. Bd4 Qd5 16. Nc3 Qf5 17. h3 O-O 18. Nb3 Rfb8 19. Qc4 Bd7 20. O-O Be6 21. Qb5
c6 22. Qe2 Nd7 23. Rfc1 Bxb3 24. axb3 Rxa1 25. Rxa1 Bxc5 26. Ra5 b5 27. Ra6 Qe6
28. Qc2 f5 29. Ne2 Qd6 30. Bxc5 Nxc5 31. Ra7 Ne6 32. Kh1 Rd8 33. Nd4 Nxd4 34.
exd4 Qxd4 35. Qxc6 Qxf2 36. Qe6+ Kh8 37. Qe5 Rd1+ 38. Kh2 Qg1+ 39. Kg3 Qe3+ 40.
Kh2 Qg1+ 41. Kg3 Rd3+ 42. Kh4 Rxh3+ 43. gxh3 Qf2+ 44. Kh5 Qf3+ 45. Kg5 Qe3+ 46.
Kxf5 Qf3+ 47. Ke6 Qxh3+ 48. Kd6 Qd3+ 49. Kc6 1-0

[Event "VII Festival A"]
[Site "Verona ITA"]
[Date "2001.01.04"]
[Round "4"]
[White "Popa, Florin"]
[Black "Ortega, Lexy"]
[Result "0-1"]
[WhiteElo "2211"]
[BlackElo "2472"]
[PlyCount "48"]
[EventDate "2001.01.02"]

1. Nf3 d5 2. c4 e6 3. b3 Nf6 4. Bb2 Be7 5. g3 c5 6. cxd5 exd5 7. Bg2 Nc6 8. O-O
O-O 9. d4 Ne4 10. dxc5 Bxc5 11. e3 Qe7 12. Nc3 Rd8 13. Ne2 Bg4 14. Rc1 Bb6 15.
h3 Nxf2 16. Rxf2 Qxe3 17. hxg4 Qxf2+ 18. Kh2 Rd6 19. Nh4 Re8 20. Rc2 Rh6 21.
Nd4 Rxh4+ 22. gxh4 Bc7+ 23. Kh1 Re1+ 24. Qxe1 Qxe1+ 0-1

[Event "VII Festival A"]
[Site "Verona ITA"]
[Date "2001.01.05"]
[Round "5"]
[White "Bracaglia, Carlo"]
[Black "Patelli, Alessandro"]
[Result "1-0"]
[WhiteElo "2126"]
[BlackElo "2220"]
[PlyCount "43"]
[EventDate "2001.01.02"]

1. e4 c5 2. Nf3 d6 3. d4 cxd4 4. Nxd4 Nf6 5. Nc3 Nc6 6. Bc4 e6 7. Be3 Be7 8.
Qe2 a6 9. Bb3 O-O 10. O-O-O Qe8 11. Rhg1 Nxd4 12. Bxd4 b5 13. g4 Nd7 14. g5 Nc5
15. e5 Nxb3+ 16. axb3 d5 17. Rd3 Bb7 18. Rh3 g6 19. Qg4 a5 20. Rgg3 Qd8 21. f4
h5 22. Rxh5 1-0

[Event "VII Festival A"]
[Site "Verona ITA"]
[Date "2001.01.05"]
[Round "5"]
[White "Guido, Flavio"]
[Black "Rossi, Carlo"]
[Result "1-0"]
[WhiteElo "2362"]
[BlackElo "2418"]
[PlyCount "89"]
[EventDate "2001.01.02"]

1. e4 c6 2. d4 d5 3. exd5 cxd5 4. c4 Nf6 5. Nc3 g6 6. cxd5 Bg7 7. Bb5+ Nbd7 8.
d6 O-O 9. dxe7 Qxe7+ 10. Nge2 a6 11. Bd3 b5 12. Bg5 Bb7 13. O-O b4 14. Na4 Qd6
15. Qb3 Rac8 16. a3 a5 17. Bd2 Bd5 18. Qd1 Ne4 19. axb4 Bb3 20. Qe1 Nxd2 21.
Qxd2 axb4 22. Bb5 Rc2 23. Qd3 Bxa4 24. Rxa4 Rxb2 25. Ra7 Nb6 26. Rc1 Nd5 27. g3
h5 28. Rc6 Qb8 29. Rd7 Nc3 30. Nxc3 bxc3 31. Ba4 Qa8 32. Rc4 Re8 33. Bc6 Qa1+
34. Kg2 Rb1 35. Bd5 Rg1+ 36. Kh3 Rf8 37. Qxg6 Qd1 38. f3 Qf1+ 39. Kh4 Rxg3 40.
hxg3 Qh1+ 41. Kg5 Qc1+ 42. Kxh5 Kh8 43. Rxf7 Qh1+ 44. Kg4 Rg8 45. Rxg7 1-0

[Event "VII Festival A"]
[Site "Verona ITA"]
[Date "2001.01.05"]
[Round "5"]
[White "Lotti, Fabio"]
[Black "Scharrer, Patrick"]
[Result "1-0"]
[WhiteElo "2072"]
[BlackElo "1951"]
[PlyCount "47"]
[EventDate "2001.01.02"]

1. d4 Nf6 2. Bg5 g6 3. Bxf6 exf6 4. e3 Bg7 5. Bd3 O-O 6. Nd2 d6 7. Ne2 f5 8.
Nf4 Nd7 9. h4 Re8 10. c3 Nf6 11. Nf3 Ne4 12. Qc2 c6 13. a4 Qe7 14. O-O a5 15.
Rfe1 f6 16. g3 g5 17. Ng2 d5 18. Nd2 Bh6 19. Nf1 Qd6 20. Kh2 gxh4 21. Nxh4 f4
22. exf4 Bxf4 23. Ng2 Bh6 24. f3 1-0

[Event "VII Festival A"]
[Site "Verona ITA"]
[Date "2001.01.05"]
[Round "5"]
[White "Manca, Federico"]
[Black "Godena, Michele"]
[Result "0-1"]
[WhiteElo "2366"]
[BlackElo "2494"]
[PlyCount "76"]
[EventDate "2001.01.02"]

1. e4 c5 2. c3 Nf6 3. e5 Nd5 4. d4 cxd4 5. Nf3 d6 6. cxd4 Nc6 7. Bc4 e6 8. O-O
Be7 9. Qe2 O-O 10. Nc3 dxe5 11. dxe5 Nxc3 12. bxc3 Qa5 13. Rb1 Rd8 14. Rb5 Qc7
15. Bd3 b6 16. Rb1 Bb7 17. Bf4 Rd5 18. Rfe1 Rc5 19. Qc2 g6 20. Re3 Rd8 21. Be4
Nd4 22. Nxd4 Rxd4 23. Bxb7 Rxf4 24. Bf3 Rxe5 25. Rd3 Rc5 26. Rbd1 Qe5 27. Re3
Qc7 28. Red3 Qe5 29. Re3 Qf6 30. Qd2 Rfc4 31. Qd7 Rc7 32. Qe8+ Kg7 33. Rdd3
Rxc3 34. Rxc3 Rxc3 35. Re1 Bc5 36. Qd7 Rc2 37. Rf1 Rxa2 38. h3 Qd4 0-1

[Event "VII Festival A"]
[Site "Verona ITA"]
[Date "2001.01.05"]
[Round "6"]
[White "Bertani, Gianfranco"]
[Black "Mrdja, Milan"]
[Result "0-1"]
[WhiteElo "2188"]
[BlackElo "2450"]
[PlyCount "42"]
[EventDate "2001.01.02"]

1. e4 c5 2. Nf3 d6 3. d3 Nc6 4. Be2 g6 5. O-O Bg7 6. c3 e5 7. a4 Nge7 8. b4
cxb4 9. cxb4 Nxb4 10. Ba3 Nec6 11. Nc3 O-O 12. Rb1 a5 13. Qd2 Re8 14. Rfc1 Be6
15. Bxb4 axb4 16. Nd5 Rxa4 17. Nxb4 Qa8 18. Nd5 Bxd5 19. exd5 Ne7 20. Rc7 Ra2
21. Qe1 Nxd5 0-1